|
|
|
|
| LEADER |
00000nas a2200000 a 4500 |
| 001 |
ssj0013278 |
| 003 |
WaSeSS |
| 005 |
20200512172242.0 |
| 006 |
m d |
| 007 |
cr n |
| 008 |
751019d19682018okumx p s 0 a0eng c |
| 010 |
|
|
|a 85643567
|z sc 76000108
|
| 016 |
7 |
|
|a 009879947
|2 Uk
|
| 022 |
|
|
|l 0038-111X
|y 0038-111X
|
| 030 |
|
|
|a SSTEAP
|
| 032 |
|
|
|a 081310
|b USPS
|
| 035 |
|
|
|a (WaSeSS)ssj0013278
|
| 037 |
|
|
|b PennWell Corp., 1421 S. Sheridan Rd., Tulsa, OK 74112
|
| 040 |
|
|
|a MUL
|b eng
|c MUL
|d NSD
|d COO
|d NSD
|d DLC
|d NSD
|d DLC
|d NSD
|d SER
|d AIP
|d IUL
|d DLC
|d NSD
|d NST
|d DLC
|d IUL
|d NST
|d NYG
|d OCL
|d DLC
|d OCLCQ
|d DLC
|d HNK
|d CDS
|d WAU
|d OCLCQ
|d UKMGB
|d COD
|d OCLCF
|d OCLCO
|d LIP
|d XFH
|d CUV
|d RDF
|d NJR
|d UMC
|d WaSeSS
|
| 042 |
|
|
|a nsdp
|a pcc
|
| 050 |
0 |
0 |
|a TK7872.S4
|b S44
|
| 082 |
0 |
4 |
|a 621.381/05
|2 19
|
| 210 |
0 |
|
|a Solid state technol.
|
| 222 |
|
0 |
|a Solid state technology
|
| 245 |
0 |
0 |
|a Solid state technology
|h [electronic resource].
|
| 260 |
|
|
|a Port Washington, N.Y. :
|b Cowan Pub. Corp.,
|c ©1968-
|
| 260 |
3 |
|
|3 <1992->:
|a Tulsa, OK :
|b PennWell Publ. Co.
|
| 310 |
|
|
|a 10 times per year,
|b 2010-
|
| 321 |
|
|
|a Monthly,
|b -2009
|
| 362 |
0 |
|
|a [Vol. 11, no. 1] (Jan. 1968)-
|
| 362 |
1 |
|
|a Ceased with v. 61, no. 8 (Nov./Dec. 2018)?
|
| 500 |
|
|
|a Title from cover.
|
| 506 |
|
|
|a License restrictions may limit access.
|
| 515 |
|
|
|a Volumes for <May 2008-> lack volume/number enumeration.
|
| 525 |
|
|
|a Has supplement: Asia Pacific.
|
| 580 |
|
|
|a Has supplement called: Solid state processing & production buyers guide and directory, <1978>-1984; Solid state technology ... processing & production buyer's guide, 1985-1991; Solid state technology ... buying guide, 1992; Solid state technology ... resource guide, 1993-
|
| 588 |
|
|
|a Latest issue consulted: Vol. 55, no. 2 (March 2012).
|
| 650 |
|
0 |
|a Solid state electronics
|v Periodicals.
|
| 650 |
|
0 |
|a Semiconductors
|v Periodicals.
|
| 650 |
|
0 |
|a Solids
|v Periodicals.
|
| 650 |
|
7 |
|a Semiconductors.
|2 fast
|0 (OCoLC)fst01112198
|
| 650 |
|
7 |
|a Solid state electronics.
|2 fast
|0 (OCoLC)fst01125449
|
| 650 |
|
7 |
|a Solids.
|2 fast
|0 (OCoLC)fst01125500
|
| 655 |
|
0 |
|a Electronic journals.
|
| 770 |
0 |
|
|t Solid state processing & production buyers guide and directory
|w (DLC)sn 83011556
|w (OCoLC)3242898
|
| 770 |
0 |
|
|t Solid state technology ... processing & production buyers guide
|w (DLC) 86645970
|w (OCoLC)12029440
|
| 770 |
0 |
|
|t Solid state technology ... buying guide
|w (DLC) 92641682
|w (OCoLC)25937210
|
| 770 |
0 |
|
|t Solid state technology ... resource guide
|x 1547-5514
|w (DLC)sn 95039491
|w (OCoLC)28485290
|
| 780 |
0 |
0 |
|t Semiconductor products and solid state technology
|x 0096-3631
|w (DLC) 85643566
|w (OCoLC)1873725
|
| 850 |
|
|
|a CaBVaU
|a CaOLU
|a CaOOG
|a DLC
|a InU
|a MoKL
|a N
|a NN
|a NcD
|a NcRS
|a NcU
|a NjR
|a PU
|a ULA
|a ViU
|
| 853 |
2 |
0 |
|8 1
|a v.
|b no.
|u 12
|v r
|i (year)
|j (month)
|w m
|x 01
|
| 856 |
4 |
0 |
|z Full text available from Research Library: 01/01/2005 to 10/31/2013
|u https://search.proquest.com/publication/47974
|
| 863 |
4 |
1 |
|8 1.1
|a <47>
|b <1>
|i <2004>
|j <01>
|